000
00321nam a22001337a 4500
008
170612b xxu||||| |||| 00| 0 eng d
020
_a
0913215066
041
_a
eng
080
_a
64
100
_a
18
101
_a
SHH
245
_a
FUNDAMENTALISM REVIVALISTS AND VIOLENCE IN SOUTH ASIA
_c
BJORKMAN,J.W
942
_2
udc
_c
BK
999
_c
16843
_d
16843